| 000 | 00847nam a2200301Ia 4500 | ||
|---|---|---|---|
| 999 |
_c14591 _d14591 |
||
| 003 | OSt | ||
| 005 | 20191014132725.0 | ||
| 008 | 151016s9999 xx 000 0 und d | ||
| 020 | _a978-1-260-54790-0 | ||
| 040 | _cLIC | ||
| 082 |
_aDC 616.89 _bN717 _22020 |
||
| 100 |
_aNolen-Hoeksema, Susan. _940369 |
||
| 245 | _aAbnormal psychology/ | ||
| 245 | _cSusan Nolen-Hoeksema | ||
| 250 | _aEighth Edition | ||
| 260 | _aNew York | ||
| 260 | _bMcGraw-Hill Education | ||
| 260 | _c©2020 | ||
| 300 | _axix, 470 pages: | ||
| 300 | _bcolor illustrations; | ||
| 300 | _c28 cm. | ||
| 365 |
_b7,500.00 _cPhp |
||
| 504 | _aIncludes bibliographical references and index. | ||
| 650 |
_aAbnormal Psychology _940370 |
||
| 650 |
_aMental illness _xTextbooks _940371 |
||
| 650 |
_aPsychology, Pathological _xTextbooks _940372 |
||
| 942 |
_aDDC _2ddc _cDC |
||